Iron Maiden : Illustration #5 - Statistics

General Stats
  • This quiz has been taken 14 times
  • The average score is 9 of 17
Answer Stats
Picture Answer % Correct
Killers
100%
Running free
75%
The number of the beast (single)
75%
En vivo
63%
Phantom of the opera - Run to the hills (live)
63%
Stratego
63%
The angel and the gambler
63%
The wicker man
63%
Total eclipse
63%
Rainmaker
50%
The reincarnation of Benjamin Breeg
50%
Eddie's archives
38%
Live at Donington
38%
Nights of the dead - Legacy of the beast
38%
Beast over Hammersmith
25%
Empire of the clouds
13%
Seventh tour of a seventh tour
13%
No matching quizzes found
Score Distribution
Percent of People with Each Score
Percentile by Number Answered
Your Score History
You have not taken this quiz